000 03504nam a2200325 4500
003 EC-UNACH
005 20251210144722.0
006 s||||gr|||| 00| 00
008 150116t9999 mx r gr 000 0 spa d
020 _a978-958-8060-73-6
040 _aEC-UNACH
_cEC-UNACH
041 _aspa
082 0 4 _223
_a628.44.64
_bL018426
110 _aEditorial Escuela colombiana de Ingenieria
245 _aDiseño y operación de rellenos sanitarios
250 _aTercera edición
264 _aColombia
_bEditorial Escuela colombiana de Ingeniería
_c2008
300 _a240
505 _aCONTENIDO: Introducción Información básica 2.1 Población que se atenderá en el relleno sanitario 2.2 Datos generales sobre las características de la población que se atenderá en el relleno sanitario 2.3 Cantidad de basura producida por la población atendida 2.4 Producción futura 2.5 Calidad de basura recolectada 2.6 Cobertura del servicio 2.7 Composición física de la basura 2.8 Composición química de la basura 2.9 Peso específico 2.10 Producción de lixiviados y gases 2.11 Localización generas del sitio 2.12 Geología de la zona 2.13 Topografía de área 2.14 Meteorología de la región 2.15 Posibilidad de material de cobertura 2.16 Censo vehicular (viajes de basura que entrarán al relleno sanitario) 2.17 Título de propiedad del terreno 2.18 Posible aceptación o rechazo de la comunidad vecina Bibliografía Localización del sitio para un relleno sanitario 3.1 Introducción 3.2 Condiciones del sitio para relleno sanitario 3.3 Ubicación del sitio 3.4 Orden de elegibilidad Diseño 4.1 Definición de relleno sanitario 4.2 Tipos de relleno sanitario 4.3 Descripción general de un relleno sanitario 4.4 Diseño 4.5 Obras de adecuación 4.6 Sistema vial 4.7 Manejo de lixiviados 4.8 Manejo de gases 4.9 Material de cobertura 4.10 Celda diaria 4.11 Diseño asistido por computador Operación 5.1 Vigilancia 5.2 Registro 5.3 Playa de descargue 5.4 Controles 5.5 Seguimiento o monitoreo 5.6 Recursos humanos 5.7 Maquinaria 5.8 Reglamento 5.9 Uso futuro 5.10 Operación asistida por computador Producción y manejo de gases y lixiviados 6.1 Cantidades de gases y lixiviados de descomposición 6.2 Dinámica de la generación de los gases y lixiviados de descomposición 6.3 Lixiviados por percolación 6.4 Cálculo de cantidades de gases y lixiviados 6.5 Corenostós 6.6 Manejo de los gases en el relleno sanitario 6.7 Manejo de los lixiviados en un relleno sanitario 6.8 Tratamiento de los lixiviados en un relleno sanitario Análisis de costos 7.1 Generalidades 7.2 Análisis de costos 7.3 Ejemplos de costos 7.4 Normas colombianas Saneamiento de los botaderos de basura 8.1 Introducción 8.2 Información básica 8.3 Control de incendios 8.4 Diseño 8.5 Recursos humanos y equipos 8.6 Costos Indicadores de gestión 9.1 Indicadores técnicos 9.2 Indicadores ambientales 9.3 Indicadores administrativos 9.4 Indicadores económicos. 9.5 Indicadores sociales Bibliografía Índices Índice de recuadros Índices de figuras Índices analíticos
650 _aRELLENO SANITARIO
650 _aPESO ESPECIFICO
650 _aTIPOGRAFÍA DEL AREA
700 _aHéctor Collazos Peñaloza
942 _2ddc
_c1
999 _c14264